Statystyki dla 12 miast w woj. świętokrzyskim (patrz na opis)

Kliknij tutaj aby rozwiązać quiz!

Ogólne statystyki

  • Ten quiz został rozwiązany 11 razy
  • Średni wynik to 5 z 12

Statystyki odpowiedzi

PopulacjaOdpowiedź% Poprawnych
4316Chęciny
63%
2829Ćmielów
63%
3399Małogoszcz
63%
6173Sędziszów
63%
7588Suchedniów
63%
3503Chmielnik
50%
7526Połaniec
38%
5165Stąporków
38%
4261Ożarów
25%
3167Piekoszów
25%
2781Daleszyce
13%
2874Radoszyce
0%

Rozkład punktacji

Percentyl według liczby udzielonych odpowiedzi

Procent ludzi z każdym wynikiem

Twoja historia wyników

Nie rozwiązałeś tego quizu